BIBLIOTECA PODER JUDICIAL
Portal Judicial TDF

Derecho laboral agrario / (Registro nro. 2085)

000 -LEADER
fixed length control field 01517nam a22002297a 4500
003 - CONTROL NUMBER IDENTIFIER
control field OSt
005 - DATE AND TIME OF LATEST TRANSACTION
control field 20191029062631.0
008 - FIXED-LENGTH DATA ELEMENTS--GENERAL INFORMATION
fixed length control field 180305b xxu||||| |||| 00| 0 spa d
040 ## - CATALOGING SOURCE
Transcribing agency PJ
100 ## - ASIENTO PRINCIPAL - NOMBRE DE PERSONA
9 (RLIN) 3262
Personal name Herrera, Alfredo
245 10 - MENCIÓN DE TÍTULO
Título propiamente dicho Derecho laboral agrario /
Mención de responsabilidad, etc Alfredo Herrera.
260 ## - PUBLICATION, DISTRIBUTION, ETC. (IMPRINT)
Place of publication, distribution, etc Buenos Aires :
Name of publisher, distributor, etc Depalma,
Date of publication, distribution, etc 1971.
300 ## - DESCRIPCION FISICA
Extent xx, 390 p.
Dimensions 23 cm.
505 ## - FORMATTED CONTENTS NOTE
Formatted contents note Contenido:<br/>I.El trabajo rural -- II. El trabajo en las plantaciones -- III. El trabajo en la Argentina -- IV. Los trabajadores rurales -- V. Accidentes de trabajo y enfermedades profesionales -- VI. Asignaciones familiares, régimen provisional y obras sociales -- VII: Los trabajadores permanentes . Estatuto del peón -- VIII. Estabilidad y retribución -- IX. Descansos obligaciones y enfermedades inculpables -- X Contratación y reclutamiento -- XI.Comisión nacional del trabajo rural -- XII. La actividad azucarera -- XIII. El estatuto azucarero -- XIV. Retribuciones -- XV. Jornada de trabajo. Descanso. Estabilidad -- XVI. Seguridad social -- XVII. Viviendas -- XVIII. Agremiación, higiene e inspección del trabajo -- XIX. Las convenciones colectivas para la actividad azucarera -- XX. Contratos agrarios -- Apéndice.
650 #0 - ASIENTO SECUNDARIO DE MATERIA - TERMINO TEMATICO
9 (RLIN) 1316
Topical term or geographic name as entry element DERECHO LABORAL
650 #0 - ASIENTO SECUNDARIO DE MATERIA - TERMINO TEMATICO
9 (RLIN) 1338
Topical term or geographic name as entry element DERECHO COLECTIVO DEL TRABAJO
650 #0 - ASIENTO SECUNDARIO DE MATERIA - TERMINO TEMATICO
Topical term or geographic name as entry element CONDICIONES DE TRABAJO
9 (RLIN) 1319
650 #0 - ASIENTO SECUNDARIO DE MATERIA - TERMINO TEMATICO
9 (RLIN) 1364
Topical term or geographic name as entry element TRABAJADORES RURALES
650 #0 - ASIENTO SECUNDARIO DE MATERIA - TERMINO TEMATICO
9 (RLIN) 1405
Topical term or geographic name as entry element ENFERMEDAD PROFESIONAL
650 #0 - ASIENTO SECUNDARIO DE MATERIA - TERMINO TEMATICO
9 (RLIN) 1417
Topical term or geographic name as entry element ACCIDENTES DE TRABAJO
942 ## - ADDED ENTRY ELEMENTS (KOHA)
Source of classification or shelving scheme
Koha item type Libros
Classification part 349.22
Item part HER
Existencias
Withdrawn status Lost status Source of classification or shelving scheme Damaged status Not for loan Permanent Location Current Location Date acquired Full call number Barcode Date last seen Price effective from Koha item type
          Biblioteca Poder Judicial Sur Biblioteca Poder Judicial Sur 2018-11-27 349.22 HER 3283 2018-11-27 2018-11-27 Libros

12 de Octubre 789 Ushuaia - Tel:  54(02901)441571
Horario de Atención: 8.00 a 17.00 hs. 
bibliotecaush@justierradelfuego.gov.ar
koha@justierradelfuego.gov.ar
Seguinos en nuestras redes @bibliojustdf 

Con tecnología Koha